00693 2200217 4500001002100000005001500021035002000036007000300056008004100059020002200100082001400122084002000136100003100156245009900187250001200286260004500298300005600343700003600399700003000435600001000465INLIS00000000000225520260212075456 a0010-0226000097ta260212 j 0 ind  a978-979-040-132-7 a899.221 3 a899.221 3 LIZ b0 aLiza Erliana ( Pengarang )1 aBertualang bersama robot /cLiza Erliana ; editor,Dhita Kurniawan,S.Si ; ilustrator,Alvin Adhi aCet.III aSukoharjo :bWangsa Jatra Lestari,c2020 a86 hlm :bilust, berganbarn, berwarna ;c25.5 cme-0 aDhita Kurniawan,S.Si ( Editor )0 aAlvin Adhi ( Ilustrator ) 4aRobot